[Event "Riga Tech op-A"]
[Site "Riga"]
[Date "2023.08.07"]
[Round "1"]
[White "Sedykh, Mikhail"]
[Black "Pultinevicius, Paulius"]
[Result "0-1"]
[WhiteElo "2070"]
[BlackElo "2525"]
[PlyCount "76"]
[EventDate "2023.08.07"]
[EventType "swiss"]
[EventRounds "9"]
[EventCountry "LAT"]
[SourceTitle "CBM 215 Extra"]
[Source "ChessBase"]
[SourceDate "2023.09.30"]
[SourceVersion "1"]
[SourceVersionDate "2023.09.30"]
[SourceQuality "1"]

1. d4 Nf6 2. c4 e6 3. Nc3 d5 4. cxd5 exd5 5. Bg5 c6 6. e3 h6 7. Bh4 Be7 8. Bd3 0-0 9. Qc2 Re8 10. Nf3 Ne4 11. Bxe7 Qxe7 12. 0-0 Nd7 13. b4 Ndf6 14. b5 cxb5 15. Bxb5 Bd7 16. Bxd7 Qxd7 17. Nxe4 Nxe4 18. Rfc1 Rac8 19. Qb2 b6 20. Ne5 Qa4 21. h3 f6 22. Ng6 Rc4 23. Qb3 Qc6 24. Qa3 Kf7 25. Nf4 a5 26. Ne2 a4 27. Qd3 b5 28. Rab1 b4 29. f3 Ng3 30. Re1 Nxe2+ 31. Rxe2 Rc3 32. Qd2 Qc4 33. Kf2 b3 34. axb3 axb3 35. h4 Ra8 36. Rb2 Ra1 37. e4 dxe4 38. fxe4 Rd3 0-1

[Event "GBR-ch Major op 109th"]
[Site "Leicester"]
[Date "2023.07.24"]
[Round "3"]
[White "Sedykh, Mikhail"]
[Black "Arora, Tashika"]
[Result "1-0"]
[WhiteElo "2084"]
[BlackElo "1836"]
[PlyCount "83"]
[EventDate "2023.07.22"]
[EventType "swiss"]
[EventRounds "9"]
[EventCountry "ENG"]
[SourceTitle "EXT 2024"]
[Source "ChessBase"]
[SourceDate "2023.10.10"]
[SourceVersion "1"]
[SourceVersionDate "2023.10.10"]
[SourceQuality "1"]

1. d4 Nf6 2. c4 e6 3. Nc3 Bb4 4. Qc2 0-0 5. Nf3 c5 6. dxc5 Bxc5 7. g3 h6 8. Bg2 Nc6 9. 0-0 Qe7 10. a3 a5 11. b3 d6 12. Bb2 e5 13. e3 Be6 14. Rfd1 Qe8 15. Na4 Bg4 16. Nxc5 dxc5 17. Re1 Qe6 18. Bc3 Rfe8 19. Nd2 Bf5 20. Qb2 Nd7 21. Rad1 Kh8 22. Ne4 Bxe4 23. Bxe4 f6 24. Qc2 Nf8 25. Rd5 Qe7 26. Red1 Rab8 27. Qe2 b6 28. Qg4 Qf7 29. Rd6 Ne7 30. Bc2 g6 31. f4 Nc8 32. R6d5 Ne7 33. Rd6 Nc8 34. Rd8 h5 35. Qf3 Rxd8 36. Rxd8 Qe7 37. Rd5 Nd6 38. fxe5 Nf7 39. exf6 Qe6 40. Bxg6 Nxg6 41. Qxh5+ Kg8 42. Qxg6+ 1-0

[Event "Coventry op"]
[Site "Coventry"]
[Date "2023.02.18"]
[Round "3"]
[White "Jones, Steven"]
[Black "Sedykh, Mikhail"]
[Result "0-1"]
[WhiteElo "2154"]
[BlackElo "2045"]
[PlyCount "82"]
[EventDate "2023.02.18"]
[EventType "swiss"]
[EventRounds "5"]
[EventCountry "ENG"]
[SourceTitle "CBM 212 Extra"]
[Source "ChessBase"]
[SourceDate "2023.03.31"]
[SourceVersion "1"]
[SourceVersionDate "2023.03.31"]
[SourceQuality "1"]

1. e4 e6 2. d4 d5 3. Nc3 dxe4 4. Nxe4 Nd7 5. Nf3 Ngf6 6. Bg5 h6 7. Bxf6 Nxf6 8. Bd3 Nxe4 9. Bxe4 c5 10. 0-0 cxd4 11. Nxd4 Be7 12. c3 0-0 13. Qf3 Qc7 14. a4 a6 15. Rfd1 Rb8 16. Bc2 Rd8 17. h4 Bxh4 18. Qe4 Bf6 19. Qh7+ Kf8 20. Rac1 Rd5 21. Re1 Rh5 22. Qh8+ Ke7 23. g3 Rg5 24. Qh7 g6 25. Qxh6 Bd7 26. Qh1 Rh8 27. Qf3 Be5 28. Kg2 f5 29. Rxe5 Qxe5 30. Qxb7 Qd5+ 31. Qxd5 exd5 32. f4 Rgh5 33. Nf3 Rb8 34. b4 Rhh8 35. Ne5 Rhg8 36. Bb3 Kd6 37. Rd1 Be6 38. Nc4+ Kc6 39. Ne5+ Kd6 40. Nd3 a5 41. Nc5 Bf7 0-1

[Event "Newcastle Northumbria Masters"]
[Site "Newcastle on Tyne"]
[Date "2022.08.27"]
[Round "3"]
[White "Hobson, Kenneth"]
[Black "Sedykh, Mikhail"]
[Result "0-1"]
[WhiteElo "1884"]
[BlackElo "2115"]
[PlyCount "90"]
[EventDate "2022.08.26"]
[EventType "swiss"]
[EventRounds "9"]
[EventCountry "ENG"]
[SourceTitle "CBM 210 Extra"]
[Source "ChessBase"]
[SourceDate "2022.11.30"]
[SourceVersion "1"]
[SourceVersionDate "2022.11.30"]
[SourceQuality "1"]

1. e4 c5 2. Nf3 Nc6 3. Bb5 g6 4. 0-0 Bg7 5. Bxc6 dxc6 6. h3 e5 7. d3 Qc7 8. Be3 b6 9. a4 a5 10. Na3 Nf6 11. Nc4 Nd7 12. c3 Ba6 13. Nfd2 Rd8 14. Qb1 0-0 15. b4 cxb4 16. cxb4 axb4 17. Qxb4 c5 18. Qb3 Rb8 19. Rfc1 Rfd8 20. Qc3 Bf8 21. Nf3 f6 22. g4 h6 23. Qb3 Kg7 24. h4 Be7 25. Kg2 Nf8 26. Ncxe5 fxe5 27. Bxh6+ Kxh6 28. Qg8 Bf6 29. g5+ Kh5 30. gxf6 Qh7 31. Qa2 Bxd3 32. Ng5 Qd7 33. f3 c4 34. Qf2 Ne6 35. Qg3 Nf4+ 36. Kh2 Kh6 37. Rg1 Rf8 38. h5 Nxh5 39. Qxe5 Rbe8 40. Ne6 Rxf6 41. Qg5+ Kh7 42. Rg4 Qxe6 43. Rag1 Qe5+ 44. f4 Qxg5 45. fxg5 Rf2+ 0-1

[Event "Hammersmith CC op"]
[Site "London"]
[Date "2022.06.05"]
[Round "4"]
[White "Pandit, Kabir"]
[Black "Sedykh, Mikhail"]
[Result "0-1"]
[WhiteElo "1976"]
[BlackElo "2270"]
[PlyCount "110"]
[EventDate "2022.06.04"]
[EventType "swiss"]
[EventRounds "6"]
[EventCountry "ENG"]
[SourceTitle "CBM 208 Extra"]
[Source "ChessBase"]
[SourceDate "2022.07.31"]
[SourceVersion "1"]
[SourceVersionDate "2022.07.31"]
[SourceQuality "1"]

1. d4 d5 2. Nf3 Nf6 3. c4 e6 4. g3 Bb4+ 5. Bd2 Be7 6. Bg2 Nbd7 7. Qc2 c6 8. 0-0 0-0 9. Bf4 b6 10. Nc3 dxc4 11. Nd2 Nd5 12. Nxc4 Nxf4 13. gxf4 Bb7 14. Rfd1 Qc7 15. Ne5 Rac8 16. Rac1 Nxe5 17. dxe5 Rfd8 18. Rxd8+ Qxd8 19. Ne4 Rc7 20. Rd1 Rd7 21. Rxd7 Qxd7 22. e3 c5 23. Bf3 f5 24. Nd2 Bxf3 25. Nxf3 Qd5 26. Nd2 Qxa2 27. Nc4 b5 28. Nd2 Qd5 29. b3 h6 30. Qa2 Kf7 31. Qa5 g5 32. Kf1 gxf4 33. exf4 Qh1+ 34. Ke2 Qxh2 35. Qxb5 Qxf4 36. Nc4 Qe4+ 37. Kf1 Qh1+ 38. Ke2 Qd5 39. Qb8 a6 40. Qh8 Qe4+ 41. Kf1 Qb1+ 42. Kg2 Qxb3 43. Qh7+ Ke8 44. Ne3 Qb7+ 45. Kg1 Qb1+ 46. Kg2 Qe4+ 47. Kg1 Qxe5 48. Qxh6 c4 49. Qh5+ Kf8 50. Qd1 c3 51. Qa4 a5 52. Qc4 Kf7 53. Kf1 Qc5 54. Qa4 Qb4 55. Qd7 c2 0-1

[Event "Southend Easter op 64th"]
[Site "Southend"]
[Date "2022.04.15"]
[Round "2"]
[White "Sedykh, Mikhail"]
[Black "Edipoglu, Berk"]
[Result "1-0"]
[WhiteElo "2117"]
[BlackElo "1502"]
[PlyCount "93"]
[EventDate "2022.04.15"]
[EventType "swiss"]
[EventRounds "7"]
[EventCountry "ENG"]
[SourceTitle "CBM 207 Extra"]
[Source "ChessBase"]
[SourceDate "2022.05.31"]
[SourceVersion "1"]
[SourceVersionDate "2022.05.31"]
[SourceQuality "1"]

1. d4 Nf6 2. c4 Nc6 3. Nf3 e6 4. Nc3 Bb4 5. Qc2 0-0 6. a3 Bxc3+ 7. Qxc3 a5 8. Bg5 d6 9. e3 Re8 10. d5 exd5 11. Bxf6 Qxf6 12. Qxf6 gxf6 13. cxd5 Ne5 14. Rc1 Re7 15. Nd4 Bg4 16. h3 Bh5 17. f4 Ng6 18. Nf5 Re4 19. g4 Bxg4 20. hxg4 Nxf4 21. Kf2 Nxd5 22. Bg2 Rxg4 23. Bxd5 Rg5 24. Rhg1 c6 25. Nh6+ Kg7 26. Nxf7 Rg6 27. Ba2 d5 28. Nd6 Rd8 29. Nf5+ Kf7 30. Rh1 Rg5 31. Bb1 h5 32. Rcg1 Kg6 33. Nd6+ Kg7 34. Rxg5+ fxg5 35. Nf5+ Kg6 36. Ng3+ Kf6 37. Rxh5 Rf8 38. Ke2 b5 39. Rh6+ Ke5 40. Rxc6 Rh8 41. Bf5 Re8 42. Rc5 Rb8 43. e4 b4 44. Rxd5+ Kf6 45. Rxa5 bxa3 46. bxa3 Rb2+ 47. Kf3 1-0

[Event "Newcastle EJCOA 1st"]
[Site "Newcastle on Tyne"]
[Date "2021.10.28"]
[Round "7"]
[White "Sedykh, Mikhail"]
[Black "Willow, Jonah B"]
[Result "0-1"]
[WhiteElo "2120"]
[BlackElo "2353"]
[PlyCount "103"]
[EventDate "2021.10.25"]
[EventType "tourn"]
[EventRounds "9"]
[EventCountry "ENG"]
[EventCategory "1"]
[SourceTitle "CBM 204 Extra"]
[Source "ChessBase"]
[SourceDate "2021.11.30"]
[SourceVersion "1"]
[SourceVersionDate "2021.11.30"]
[SourceQuality "1"]

1. d4 Nf6 2. c4 e6 3. Nc3 Bb4 4. Qc2 0-0 5. Nf3 c5 6. dxc5 Na6 7. g3 Nxc5 8. Bg2 b6 9. 0-0 Bb7 10. Nb5 Be4 11. Qd1 Nb7 12. a3 Be7 13. Nc3 Bc6 14. b4 Rc8 15. Qb3 Nd6 16. b5 Ba8 17. Bf4 Nxc4 18. a4 Nh5 19. Rfd1 Nxf4 20. gxf4 Na5 21. Qb2 Bxf3 22. Bxf3 Bf6 23. Rac1 Qc7 24. Qb1 Qxf4 25. Ne4 Be5 26. Ng3 d5 27. Kg2 Qxa4 28. Qd3 Qb3 29. Qd2 Bxg3 30. hxg3 Qxb5 31. Qg5 f6 32. Qh5 Qd7 33. Rh1 g6 34. Qh3 Nc4 35. Rcd1 Ne5 36. Be4 f5 37. Bb1 Qb7 38. f3 Qg7 39. Qh4 Rc4 40. Qg5 Re8 41. Qe3 Rb4 42. Rc1 Nc4 43. Qd3 Rb2 44. Bc2 Qe5 45. Kf2 b5 46. Rh4 Re7 47. f4 Qc7 48. Qc3 Qc5+ 49. Kf3 Qa3 50. Qd3 Rc7 51. Kf2 Qxd3 52. Bxd3 0-1

[Event "Newcastle EJCOA 1st"]
[Site "Newcastle on Tyne"]
[Date "2021.10.27"]
[Round "5"]
[White "Sedykh, Mikhail"]
[Black "Basman, Michael J"]
[Result "0-1"]
[WhiteElo "2120"]
[BlackElo "2273"]
[PlyCount "104"]
[EventDate "2021.10.25"]
[EventType "tourn"]
[EventRounds "9"]
[EventCountry "ENG"]
[EventCategory "1"]
[SourceTitle "CBM 204 Extra"]
[Source "ChessBase"]
[SourceDate "2021.11.30"]
[SourceVersion "1"]
[SourceVersionDate "2021.11.30"]
[SourceQuality "1"]

1. d4 b5 2. e4 Bb7 3. Bd3 Nf6 4. Nd2 e6 5. Qe2 a6 6. a4 c5 7. c3 cxd4 8. cxd4 Nc6 9. Ngf3 Nb4 10. 0-0 Nxd3 11. Qxd3 Be7 12. Rd1 0-0 13. b3 d5 14. e5 Ne4 15. Bb2 Qb6 16. a5 Qd8 17. Qe3 Bb4 18. Nxe4 dxe4 19. Ng5 Qd5 20. f3 exf3 21. gxf3 f5 22. Rf1 Rac8 23. Nh3 Rc2 24. Nf4 Qd7 25. Rf2 Rfc8 26. Rd1 Bxa5 27. d5 Rxf2 28. Qxf2 Bxd5 29. Nxd5 exd5 30. Qd4 Rc6 31. Qxd5+ Qxd5 32. Rxd5 Kf7 33. Rd7+ Ke6 34. Rxg7 Bb6+ 35. Kf1 Rc2 36. Rg2 Rxg2 37. Kxg2 Be3 38. Bc3 Bf4 39. b4 Bxe5 40. Bxe5 Kxe5 41. Kg3 h5 42. h3 h4+ 43. Kxh4 a5 44. bxa5 Kd5 45. a6 Kc6 46. a7 Kb7 47. Kg5 b4 48. h4 b3 49. h5 b2 50. h6 b1Q 51. h7 Qb2 52. Kxf5 Qb1+ 0-1

[Event "Newcastle Northumbria Masters"]
[Site "Newcastle on Tyne"]
[Date "2021.08.28"]
[Round "4"]
[White "Gormally, Daniel"]
[Black "Sedykh, Mikhail"]
[Result "1-0"]
[WhiteElo "2479"]
[BlackElo "2124"]
[PlyCount "53"]
[EventDate "2021.08.26"]
[EventType "swiss"]
[EventRounds "9"]
[EventCountry "ENG"]
[SourceTitle "CBM 204 Extra"]
[Source "ChessBase"]
[SourceDate "2021.11.30"]
[SourceVersion "1"]
[SourceVersionDate "2021.11.30"]
[SourceQuality "1"]

1. e4 e6 2. d4 d5 3. Nd2 dxe4 4. Nxe4 Nd7 5. Nf3 Ngf6 6. Nxf6+ Nxf6 7. g3 b6 8. Ne5 Bb7 9. Bb5+ c6 10. Be2 Bd6 11. 0-0 0-0 12. Bf3 Qc7 13. Nc4 Ba6 14. Nxd6 Bxf1 15. Bf4 Bh3 16. c4 Rad8 17. Nf5 e5 18. Bxe5 Qd7 19. g4 Qe6 20. Qc1 h6 21. Nxh6+ Kh7 22. Qg5 Nh5 23. Be4+ f5 24. Nxf5 g6 25. Qh6+ Kg8 26. gxh5 Rd7 27. hxg6 1-0

[Event "Newcastle Northumbria Masters"]
[Site "Newcastle on Tyne"]
[Date "2021.08.27"]
[Round "3"]
[White "Sedykh, Mikhail"]
[Black "Olson, Hamish"]
[Result "1/2-1/2"]
[WhiteElo "2124"]
[BlackElo "2246"]
[PlyCount "72"]
[EventDate "2021.08.26"]
[EventType "swiss"]
[EventRounds "9"]
[EventCountry "ENG"]
[SourceTitle "CBM 204 Extra"]
[Source "ChessBase"]
[SourceDate "2021.11.30"]
[SourceVersion "1"]
[SourceVersionDate "2021.11.30"]
[SourceQuality "1"]

1. d4 d5 2. c4 e6 3. Nc3 Nf6 4. cxd5 exd5 5. Bg5 c6 6. e3 h6 7. Bh4 Be7 8. Bd3 0-0 9. Qc2 Re8 10. Nf3 Ne4 11. Bxe7 Qxe7 12. Bxe4 dxe4 13. Nd2 Bf5 14. 0-0 Nd7 15. b4 h5 16. a4 h4 17. h3 Nf6 18. Rab1 Rad8 19. b5 Nh7 20. Ne2 Rc8 21. Qb3 c5 22. dxc5 Rxc5 23. Rbc1 Rxc1 24. Rxc1 Qd7 25. Nd4 Ng5 26. Rc5 Ne6 27. Rxf5 Nxd4 28. Rd5 Nxb3 29. Rxd7 Nxd2 30. Rxd2 Rc8 31. Rd7 Rc1+ 32. Kh2 Rc4 33. a5 Ra4 34. Rxb7 Rxa5 35. g3 Ra2 36. Kg2 hxg3 1/2-1/2

[Event "Panevezys Kveinys Memorial op"]
[Site "Panevezys"]
[Date "2021.08.05"]
[Round "8"]
[White "Juksta, Karolis"]
[Black "Sedykh, Mikhail"]
[Result "1-0"]
[WhiteElo "2438"]
[BlackElo "2119"]
[PlyCount "129"]
[EventDate "2021.07.30"]
[EventType "swiss"]
[EventRounds "9"]
[EventCountry "LTU"]
[SourceTitle "EXT 2022"]
[Source "ChessBase"]
[SourceDate "2021.10.06"]
[SourceVersion "1"]
[SourceVersionDate "2021.10.06"]
[SourceQuality "1"]

1. d4 d5 2. c4 e6 3. Nc3 Nf6 4. cxd5 exd5 5. Bg5 Be7 6. e3 c6 7. Bd3 Nbd7 8. Qc2 0-0 9. Nge2 Re8 10. 0-0 Nf8 11. f3 g6 12. Rad1 Ne6 13. Bh4 b5 14. Bf2 Bb7 15. h3 Rc8 16. Qd2 b4 17. Na4 Qa5 18. b3 c5 19. Nxc5 Nxc5 20. dxc5 Bxc5 21. Rc1 Ba6 22. Rc2 Bxd3 23. Qxd3 Bxe3 24. Rxc8 Bxf2+ 25. Rxf2 Rxc8 26. Qd4 Rc6 27. Nf4 Qc5 28. Qxc5 Rxc5 29. Nd3 Rb5 30. Rc2 a5 31. Kf2 Rb6 32. Rc5 Ra6 33. g4 h6 34. Rb5 Ra7 35. Ke3 d4+ 36. Kxd4 Rd7+ 37. Kc4 Ra7 38. Nc5 Ne8 39. Rb8 Kf8 40. Kb5 Re7 41. Kxa5 Re2 42. Kxb4 Rxa2 43. Ne4 Ke7 44. Rb7+ Ke6 45. Kc5 Rh2 46. Kc6 f5 47. Nc5+ Kf6 48. b4 Rxh3 49. b5 fxg4 50. fxg4 Rc3 51. b6 Rc4 52. Rd7 Rxg4 53. b7 Rb4 54. Rd8 Ng7 55. Nd7+ Ke7 56. Nb6 Rxb6+ 57. Kxb6 Kxd8 58. b8Q+ Ke7 59. Qg8 Kf6 60. Qf8+ Kg5 61. Qxg7 h5 62. Kc5 Kf5 63. Kd4 g5 64. Ke3 g4 65. Qh6 1-0

[Event "Panevezys Kveinys Memorial op"]
[Site "Panevezys"]
[Date "2021.08.04"]
[Round "7"]
[White "Sedykh, Mikhail"]
[Black "Bazevicius, Albertas"]
[Result "1-0"]
[WhiteElo "2119"]
[BlackElo "1867"]
[PlyCount "95"]
[EventDate "2021.07.30"]
[EventType "swiss"]
[EventRounds "9"]
[EventCountry "LTU"]
[SourceTitle "EXT 2022"]
[Source "ChessBase"]
[SourceDate "2021.10.06"]
[SourceVersion "1"]
[SourceVersionDate "2021.10.06"]
[SourceQuality "1"]

1. d4 Nf6 2. c4 e6 3. Nc3 Bb4 4. Qc2 c5 5. dxc5 Bxc5 6. Nf3 0-0 7. Bg5 h6 8. Bh4 g5 9. Bg3 d5 10. e3 Nc6 11. a3 Qa5 12. Nd2 Bb4 13. Rc1 Bxc3 14. Qxc3 Qxc3 15. Rxc3 e5 16. cxd5 Nxd5 17. Rc5 Be6 18. Bb5 f6 19. Ke2 Nde7 20. f3 Rfd8 21. Rhc1 a6 22. Bc4 Bxc4+ 23. R5xc4 Kf7 24. Bf2 Rd7 25. Ne4 Rad8 26. R4c2 Rc7 27. Be1 b6 28. Bb4 f5 29. Bxe7 Kxe7 30. Rxc6 Rxc6 31. Rxc6 fxe4 32. Rxb6 exf3+ 33. Kxf3 h5 34. Rxa6 Rd2 35. b4 e4+ 36. Kxe4 Rxg2 37. h3 h4 38. Kf5 Rg3 39. e4 g4 40. hxg4 h3 41. a4 Ra3 42. Ra7+ Kd6 43. Ra6+ Kc7 44. b5 h2 45. Rh6 Rxa4 46. Rxh2 Rb4 47. Rd2 Rxb5+ 48. e5 1-0

[Event "Panevezys Kveinys Memorial op"]
[Site "Panevezys"]
[Date "2021.07.31"]
[Round "2"]
[White "Salna, Aleksandras"]
[Black "Sedykh, Mikhail"]
[Result "1-0"]
[WhiteElo "2166"]
[BlackElo "2119"]
[PlyCount "106"]
[EventDate "2021.07.30"]
[EventType "swiss"]
[EventRounds "9"]
[EventCountry "LTU"]
[SourceTitle "EXT 2022"]
[Source "ChessBase"]
[SourceDate "2021.10.06"]
[SourceVersion "1"]
[SourceVersionDate "2021.10.06"]
[SourceQuality "1"]

1. d4 d5 2. c4 e6 3. Nc3 Nf6 4. Nf3 Be7 5. Bf4 0-0 6. e3 b6 7. Bd3 c5 8. cxd5 exd5 9. 0-0 Bg4 10. h3 Bh5 11. dxc5 bxc5 12. g4 Bg6 13. Bxg6 hxg6 14. g5 Ne4 15. Qxd5 Qxd5 16. Nxd5 Bd8 17. Ne5 Kh7 18. Rac1 Na6 19. h4 f6 20. gxf6 gxf6 21. Nc4 g5 22. hxg5 fxg5 23. Be5 Rc8 24. f3 Nf6 25. Rcd1 Nb8 26. Nd6 Rc6 27. Nxf6+ Bxf6 28. Bxf6 Rxf6 29. Ne4 Rf5 30. Rd8 Rb6 31. b3 Nc6 32. Rd7+ Kg6 33. Rd6+ Kg7 34. Ng3 Re5 35. Rfd1 Kf7 36. Ne4 g4 37. Rd7+ Ne7 38. Nd6+ Rxd6 39. R1xd6 Rxe3 40. fxg4 Rg3+ 41. Kf2 Rxg4 42. Rxa7 Re4 43. Rdd7 Ke8 44. Rxe7+ Rxe7 45. Rxe7+ Kxe7 46. Ke3 Kd6 47. Kd3 Kd5 48. Kc3 Kd6 49. Kc4 Kc6 50. a3 Kb6 51. a4 Kc6 52. a5 Kd6 53. Kb5 Kd5 1-0